<?xml version="1.0" encoding="UTF-8"?>
<record
    xmlns:xsi="http://www.w3.org/2001/XMLSchema-instance"
    xsi:schemaLocation="http://www.loc.gov/MARC21/slim http://www.loc.gov/standards/marcxml/schema/MARC21slim.xsd"
    xmlns="http://www.loc.gov/MARC21/slim">

  <leader>04362cam a22004454a 4500</leader>
  <datafield tag="999" ind1=" " ind2=" ">
    <subfield code="c">77365</subfield>
    <subfield code="d">314642</subfield>
  </datafield>
  <controlfield tag="001">148588918</controlfield>
  <controlfield tag="003">OCoLC</controlfield>
  <controlfield tag="005">20191122174405.0</controlfield>
  <controlfield tag="008">081126t20102010flua     bf   001 0 eng  </controlfield>
  <datafield tag="020" ind1=" " ind2=" ">
    <subfield code="a">9781420047851</subfield>
    <subfield code="q">(hardcover ;</subfield>
    <subfield code="q">alk. paper)</subfield>
  </datafield>
  <datafield tag="020" ind1=" " ind2=" ">
    <subfield code="a">142004785X</subfield>
    <subfield code="q">(hardcover ;</subfield>
    <subfield code="q">alk. paper)</subfield>
  </datafield>
  <datafield tag="040" ind1=" " ind2=" ">
    <subfield code="a">DNLM/DLC</subfield>
    <subfield code="b">eng</subfield>
    <subfield code="c">DLC</subfield>
    <subfield code="d">BTCTA</subfield>
    <subfield code="d">BAKER</subfield>
    <subfield code="d">NLM</subfield>
    <subfield code="d">C#P</subfield>
    <subfield code="d">BWX</subfield>
    <subfield code="d">IG#</subfield>
    <subfield code="d">JYJ</subfield>
    <subfield code="d">BDX</subfield>
    <subfield code="d">TULIB</subfield>
    <subfield code="d">OCLCF</subfield>
    <subfield code="d">OCLCQ</subfield>
    <subfield code="d">UKM</subfield>
    <subfield code="d">YDXCP</subfield>
    <subfield code="d">CRCPR</subfield>
    <subfield code="d">OCLCQ</subfield>
    <subfield code="d">OCLCO</subfield>
    <subfield code="d">OCL</subfield>
    <subfield code="d">OCLCQ</subfield>
    <subfield code="d">THHCU</subfield>
    <subfield code="d">OCLCA</subfield>
    <subfield code="d">VGM</subfield>
    <subfield code="d">THHCU</subfield>
    <subfield code="d">OCLCQ</subfield>
    <subfield code="d">OCLCO</subfield>
    <subfield code="d">OCLCA</subfield>
    <subfield code="d">GZH</subfield>
    <subfield code="d">OCLCO</subfield>
    <subfield code="d">RVA</subfield>
    <subfield code="d">KSU</subfield>
    <subfield code="d">UtOrBLW</subfield>
  </datafield>
  <datafield tag="050" ind1="0" ind2="0">
    <subfield code="a">RA969.95</subfield>
    <subfield code="b">.H37 2010</subfield>
  </datafield>
  <datafield tag="060" ind1="0" ind2="0">
    <subfield code="a">2009 J-946</subfield>
  </datafield>
  <datafield tag="060" ind1="1" ind2="0">
    <subfield code="a">WX 185</subfield>
    <subfield code="b">H2365 2010</subfield>
  </datafield>
  <datafield tag="082" ind1="0" ind2="0">
    <subfield code="a">362.110684</subfield>
    <subfield code="2">22</subfield>
    <subfield code="b">HAM</subfield>
  </datafield>
  <datafield tag="245" ind1="0" ind2="0">
    <subfield code="a">Handbook of modern hospital safety /</subfield>
    <subfield code="c">edited by William Charney</subfield>
  </datafield>
  <datafield tag="250" ind1=" " ind2=" ">
    <subfield code="a">Second edition</subfield>
  </datafield>
  <datafield tag="264" ind1=" " ind2="1">
    <subfield code="a">Boca Raton :</subfield>
    <subfield code="b">CRC Press,</subfield>
    <subfield code="c">[2010]</subfield>
  </datafield>
  <datafield tag="264" ind1=" " ind2="4">
    <subfield code="c">&#x2117;&#x266D;2010</subfield>
  </datafield>
  <datafield tag="300" ind1=" " ind2=" ">
    <subfield code="a">1 volume (various pagings) :</subfield>
    <subfield code="b">illustrations ;</subfield>
    <subfield code="c">27 cm</subfield>
  </datafield>
  <datafield tag="500" ind1=" " ind2=" ">
    <subfield code="a">Contains two guides titled Guide on respiratory protection against bioaerosols : recommendations on its selection and use and Airborne infectious disease management : methods for temporary negative pressure isolation</subfield>
  </datafield>
  <datafield tag="504" ind1=" " ind2=" ">
    <subfield code="a">Includes bibliographical references and index</subfield>
  </datafield>
  <datafield tag="505" ind1="0" ind2=" ">
    <subfield code="a">Overview of health and safety in the health care environment / David A. Sterling -- Epidemiology / James M. Boiano [and others] -- Back injury prevention in health care / William Charney [and others] -- Emerging infectious diseases / William Charney [and others] -- Disinfection and infection control / Erica J. Stewart [and others] -- Progress in preventing sharps injuries in the United States / Jane Perry [and others] -- Violence in the health care industry / Jane Lipscomb [and others] -- Prevention of slip, trip, and fall hazards for workers in hospital settings / James W. Collins, Jennifer L. Bell -- Ergonomics / Margaret Wan, Jocelyn Villeneuve, Guy Fragala -- Chemodrugs / Thomas P. Fuller -- Tuberculosis engineering controls / Lorraine M. Conroy [and others] -- Electrocautery smoke: reasons for scavenging / Jacob D. Paz [and others] -- Safe use of ethylene oxide in the hospital environment / Arthur R. Reich -- Monitoring aldehydes / Edward W. Finucane, William Charney -- Pentamidine / William Charney, Lawrence Rose, Patricia Quinlan -- Ribavirin / Jim Bellows [and others] -- Trace anesthetic gas / Edward W. Finucane [and others] -- Cost-benefit / William Charney, Donald Maynes -- Clinical approach to glove dermatitis and latex allergy / Dennis Shusterman -- Latex glove use: essentials in modern hospital safety / Wava M. Truscott -- Health and safety hazards of shiftwork: implications for health care workers and strategies for prevention / Joseph Schirmer -- Radiation protection in hospitals / Jean-Pierre Gauvin -- Reproductive hazards in hospitals / Lindsey V. Kayman -- Medical waste / Michael L. Garvin, Herb B. Kuhn, Elaine Peters -- The occupational hazards of home health care / Elaine Askari, Barbara DeBaun -- Caring until it hurts: how nursing work is becoming the most dangerous job in America / Service Employees International Union -- Laboratory safety / Wayne Wood -- Biological exposure index testing: two case studies / William Charney, Martin Lipnowski, Lee Wugofski -- Functions and staffing of a hospital safety office / Lindsey V. Kayman, John F. Clemons -- Education for action: an innovative approach to training hospital employees / Merri Weinger, Nina Wallerstein -- Stress factors / Laura A. Job [and others] -- Case studies of health care workers in the compensation system / Lenora S. Colbert</subfield>
  </datafield>
  <datafield tag="650" ind1=" " ind2="0">
    <subfield code="a">Hospitals</subfield>
    <subfield code="x">Security measures</subfield>
    <subfield code="v">Handbooks, manuals, etc</subfield>
    <subfield code="9">75466</subfield>
  </datafield>
  <datafield tag="650" ind1=" " ind2="0">
    <subfield code="a">Hospitals</subfield>
    <subfield code="x">Safety measures</subfield>
    <subfield code="v">Handbooks, manuals, etc</subfield>
    <subfield code="9">75467</subfield>
  </datafield>
  <datafield tag="650" ind1=" " ind2="0">
    <subfield code="a">Hospitals</subfield>
    <subfield code="x">Employees</subfield>
    <subfield code="x">Health and hygiene</subfield>
    <subfield code="v">Handbooks, manuals, etc</subfield>
    <subfield code="9">75468</subfield>
  </datafield>
  <datafield tag="650" ind1=" " ind2="4">
    <subfield code="a">Safety management</subfield>
    <subfield code="v">Methods</subfield>
    <subfield code="9">75469</subfield>
  </datafield>
  <datafield tag="650" ind1=" " ind2="4">
    <subfield code="a">Occupational health</subfield>
    <subfield code="9">75470</subfield>
  </datafield>
  <datafield tag="650" ind1=" " ind2="0">
    <subfield code="a">Public health personnel.</subfield>
    <subfield code="9">75471</subfield>
  </datafield>
  <datafield tag="650" ind1="1" ind2="2">
    <subfield code="a">Safety Management</subfield>
    <subfield code="x">methods.</subfield>
    <subfield code="9">75472</subfield>
  </datafield>
  <datafield tag="650" ind1="1" ind2="2">
    <subfield code="a">Hospitals.</subfield>
    <subfield code="9">75473</subfield>
  </datafield>
  <datafield tag="650" ind1="2" ind2="2">
    <subfield code="a">Occupational Health.</subfield>
    <subfield code="9">75474</subfield>
  </datafield>
  <datafield tag="650" ind1="2" ind2="2">
    <subfield code="a">Health Personnel.</subfield>
    <subfield code="9">75475</subfield>
  </datafield>
  <datafield tag="700" ind1="1" ind2=" ">
    <subfield code="a">Charney, William,</subfield>
    <subfield code="d">1947-</subfield>
    <subfield code="9">75476</subfield>
  </datafield>
  <datafield tag="942" ind1=" " ind2=" ">
    <subfield code="2">ddc</subfield>
    <subfield code="c">BOOK</subfield>
  </datafield>
  <datafield tag="655" ind1=" " ind2="7">
    <subfield code="a">Handbooks and manuals.</subfield>
    <subfield code="2">fast</subfield>
    <subfield code="9">75477</subfield>
  </datafield>
  <datafield tag="740" ind1="0" ind2="2">
    <subfield code="a">Guide on respiratory protection against bioaerosols</subfield>
  </datafield>
  <datafield tag="740" ind1="0" ind2="2">
    <subfield code="a">Airborne infectious disease management</subfield>
  </datafield>
  <datafield tag="952" ind1=" " ind2=" ">
    <subfield code="1">0</subfield>
    <subfield code="2">2019-11-22</subfield>
    <subfield code="4">0</subfield>
    <subfield code="7">0</subfield>
    <subfield code="U">2019-11-22</subfield>
    <subfield code="a">362.110684 HAM</subfield>
    <subfield code="d">2019-11-22</subfield>
    <subfield code="h">CL</subfield>
    <subfield code="i">00158628</subfield>
    <subfield code="m">CL</subfield>
    <subfield code="r">2019-11-22 00:00:00</subfield>
    <subfield code="t">BOOK</subfield>
    <subfield code="w">ddc</subfield>
    <subfield code="y">0</subfield>
  </datafield>
  <datafield tag="952" ind1=" " ind2=" ">
    <subfield code="1">0</subfield>
    <subfield code="2">2019-11-22</subfield>
    <subfield code="4">0</subfield>
    <subfield code="7">0</subfield>
    <subfield code="U">2019-11-22</subfield>
    <subfield code="a">362.110684 HAM</subfield>
    <subfield code="d">2019-11-22</subfield>
    <subfield code="h">CL</subfield>
    <subfield code="i">00158629</subfield>
    <subfield code="m">CL</subfield>
    <subfield code="r">2019-11-22 00:00:00</subfield>
    <subfield code="t">BOOK</subfield>
    <subfield code="w">ddc</subfield>
    <subfield code="y">0</subfield>
  </datafield>
  <datafield tag="952" ind1=" " ind2=" ">
    <subfield code="1">0</subfield>
    <subfield code="2">2019-11-22</subfield>
    <subfield code="4">0</subfield>
    <subfield code="7">0</subfield>
    <subfield code="U">2019-11-22</subfield>
    <subfield code="a">362.110684 HAM</subfield>
    <subfield code="d">2019-11-22</subfield>
    <subfield code="h">CL</subfield>
    <subfield code="i">00158630</subfield>
    <subfield code="m">CL</subfield>
    <subfield code="r">2019-11-22 00:00:00</subfield>
    <subfield code="t">BOOK</subfield>
    <subfield code="w">ddc</subfield>
    <subfield code="y">0</subfield>
  </datafield>
  <datafield tag="952" ind1=" " ind2=" ">
    <subfield code="1">0</subfield>
    <subfield code="2">2019-11-22</subfield>
    <subfield code="4">0</subfield>
    <subfield code="7">1</subfield>
    <subfield code="U">2019-11-22</subfield>
    <subfield code="a">362.110684 HAM</subfield>
    <subfield code="d">2019-11-22</subfield>
    <subfield code="h">SZM</subfield>
    <subfield code="i">00158631</subfield>
    <subfield code="m">SZM</subfield>
    <subfield code="r">2019-11-22 00:00:00</subfield>
    <subfield code="t">BOOK</subfield>
    <subfield code="w">ddc</subfield>
    <subfield code="y">0</subfield>
  </datafield>
  <datafield tag="952" ind1=" " ind2=" ">
    <subfield code="1">0</subfield>
    <subfield code="2">2019-11-22</subfield>
    <subfield code="4">0</subfield>
    <subfield code="7">0</subfield>
    <subfield code="U">2019-11-22</subfield>
    <subfield code="a">362.110684 HAM</subfield>
    <subfield code="d">2019-11-22</subfield>
    <subfield code="h">SZM</subfield>
    <subfield code="i">00158632</subfield>
    <subfield code="m">SZM</subfield>
    <subfield code="r">2019-11-22 00:00:00</subfield>
    <subfield code="t">BOOK</subfield>
    <subfield code="w">ddc</subfield>
    <subfield code="y">0</subfield>
  </datafield>
  <datafield tag="952" ind1=" " ind2=" ">
    <subfield code="1">0</subfield>
    <subfield code="2">2022-12-18</subfield>
    <subfield code="4">0</subfield>
    <subfield code="7">0</subfield>
    <subfield code="U">2022-12-18</subfield>
    <subfield code="a">362.110684 HAM</subfield>
    <subfield code="d">2022-12-18</subfield>
    <subfield code="h">CL</subfield>
    <subfield code="i">00270466</subfield>
    <subfield code="m">CL</subfield>
    <subfield code="r">2022-12-18 00:00:00</subfield>
    <subfield code="t">BOOK</subfield>
    <subfield code="w">ddc</subfield>
    <subfield code="y">0</subfield>
  </datafield>
  <datafield tag="952" ind1=" " ind2=" ">
    <subfield code="1">0</subfield>
    <subfield code="2">2022-12-18</subfield>
    <subfield code="4">0</subfield>
    <subfield code="7">0</subfield>
    <subfield code="U">2022-12-18</subfield>
    <subfield code="a">362.110684 HAM</subfield>
    <subfield code="d">2022-12-18</subfield>
    <subfield code="h">CL</subfield>
    <subfield code="i">00270467</subfield>
    <subfield code="m">CL</subfield>
    <subfield code="r">2022-12-18 00:00:00</subfield>
    <subfield code="t">BOOK</subfield>
    <subfield code="w">ddc</subfield>
    <subfield code="y">0</subfield>
  </datafield>
</record>
